Microsoft Expression Blend 4 step by step / (Record no. 63627)
[ view plain ]
| 000 -LEADER | |
|---|---|
| fixed length control field | 01506nam a22003497a 4500 |
| 005 - DATE AND TIME OF LATEST TRANSACTION | |
| control field | 20120301110052.0 |
| 008 - FIXED-LENGTH DATA ELEMENTS--GENERAL INFORMATION | |
| fixed length control field | 120301t xxu||||| |||| 00| 0 eng d |
| 010 ## - LCCN (DPL NO) | |
| LC control number | ENG-104840 |
| 020 ## - INTERNATIONAL STANDARD BOOK NUMBER | |
| International Standard Book Number | 9788120344884 |
| Terms of availability | 495.00 |
| 035 ## - SYSTEM CONTROL NUMBER | |
| System control number | EN-88373 |
| 037 ## - SOURCE OF ACQUISITION | |
| Source of stock number/acquisition | DBAD/ PUB |
| 040 ## - CATALOGING SOURCE | |
| Original cataloging agency | DPL |
| Language of cataloging | Eng |
| 082 ## - DEWEY DECIMAL CLASSIFICATION NUMBER | |
| Classification number | 006.78 |
| 100 1# - MAIN ENTRY--PERSONAL NAME | |
| Personal name | Kosinska, Elena |
| 9 (RLIN) | 43250 |
| 245 1# - TITLE STATEMENT | |
| Title | Microsoft Expression Blend 4 step by step / |
| Statement of responsibility, etc | by Elena Kosinska [and] Chris Leeds |
| 260 ## - PUBLICATION, DISTRIBUTION, ETC. (IMPRINT) | |
| Place of publication, distribution, etc | New Delhi |
| Name of publisher, distributor, etc | PHI Learning |
| Date of publication, distribution, etc | 2012 |
| 270 ## - ADDRESS | |
| Address | M-97, Cannaught Circus, |
| City | New Delhi |
| Postal code | 110 001 |
| 300 ## - PHYSICAL DESCRIPTION | |
| Extent | xxvii,397p. : |
| Dimensions | 24cm (pbk) |
| Other physical details | ill. |
| 490 ## - SERIES STATEMENT | |
| Series statement | Step by step |
| -- | 43251 |
| 500 ## - GENERAL NOTE | |
| General note | Includes index |
| 520 ## - SUMMARY, ETC. | |
| Summary, etc | Provides information on creating rich user interfaces for Microsoft Silverlight-based applications with Microsoft Expression Blend 4 -- |c source other than the Library of Congress. |
| 630 ## - SUBJECT ADDED ENTRY--UNIFORM TITLE | |
| Uniform title | Microsoft Expression blend. |
| 630 ## - SUBJECT ADDED ENTRY--UNIFORM TITLE | |
| Uniform title | Microsoft Expression blend (Computer software) |
| 650 ## - SUBJECT ADDED ENTRY--TOPICAL TERM | |
| Topical term or geographic name as entry element | Graphical user interfaces (Computer systems) |
| 9 (RLIN) | 43254 |
| 650 ## - SUBJECT ADDED ENTRY--TOPICAL TERM | |
| Topical term or geographic name as entry element | Web sites |
| General subdivision | Authoring programs. |
| 9 (RLIN) | 43255 |
| 650 ## - SUBJECT ADDED ENTRY--TOPICAL TERM | |
| Topical term or geographic name as entry element | Application software |
| General subdivision | Development. |
| 9 (RLIN) | 43256 |
| 650 ## - SUBJECT ADDED ENTRY--TOPICAL TERM | |
| Topical term or geographic name as entry element | Application software |
| General subdivision | Design. |
| 9 (RLIN) | 43257 |
| 650 ## - SUBJECT ADDED ENTRY--TOPICAL TERM | |
| Topical term or geographic name as entry element | Web sites |
| General subdivision | Design |
| 9 (RLIN) | 43258 |
| 700 ## - ADDED ENTRY--PERSONAL NAME | |
| Personal name | Leeds, Chris |
| 9 (RLIN) | 43259 |
| 942 ## - ADDED ENTRY ELEMENTS (KOHA) | |
| Institution code [OBSOLETE] | dpl |
| Item type | English Books |
| Source of classification or shelving scheme | Dewey Decimal Classification |
| Classification part | 006.78 |
| Call number suffix | KOS |
| Withdrawn status | Lost status | Source of classification or shelving scheme | Damaged status | Not for loan | Collection code | Home library | Current library | Date acquired | Source of acquisition | Cost, normal purchase price | Total Checkouts | Full call number | Barcode | Date last seen | Copy number | Cost, replacement price | Koha item type |
|---|---|---|---|---|---|---|---|---|---|---|---|---|---|---|---|---|---|
| Dewey Decimal Classification | Not For Loan | Non-fiction | D.B.Act.Division | D.B.Act.Division | 01/03/2012 | DBAD/PUB | 495.00 | 006.78 KOS | EN-88373 | 01/03/2012 | 1 | 495.00 | English Books |
